| 000 | 00769nam a2200193 a 4500 | ||
|---|---|---|---|
| 001 | 000040528 | ||
| 005 | 20201002034206.0 | ||
| 008 | 130830s2008 pr 000 0 spa d | ||
| 040 |
_aDO-SdBNP _bspa _cBNPHU |
||
| 082 |
_axxxx _bxxxx |
||
| 100 | 1 |
_aCruz Torres, Juan Fernando _966825 |
|
| 245 | 1 | 0 |
_aActitud : _bla diferencia entre ser parte del problema o ser parte de la solucion / _cJuan Fernando Cruz Torres ; prólogo Milagros S. Rivera Watterson. |
| 250 | _a4a. ed. ampl. | ||
| 260 |
_aNaguabo, Puerto Rico : _bExtreme Graphics, _c2008. |
||
| 300 |
_a273 p. ; _c23 cm. |
||
| 500 | _aCómo desarrollar la filosofía de vida que transforma adversidades en oportunidades | ||
| 590 | _aInventariado, 2019/BT | ||
| 700 | 1 |
_aRivera Watterson, Milagros S., _epról. _966826 |
|
| 999 |
_c40018 _d40018 |
||